LEADER 01435nam0 22003733i 450 001 VAN00302669 005 20260302092607.125 010 $a978-33-19-77118-2 017 70$2N$a9783319771199 100 $a20260302d2018 |0itac50 ba 101 $aeng 102 $aCH 105 $a|||| ||||| 181 $ai$b e 182 $ab 183 $acr 200 1 $aNanobotany$fSumera Javad, Ayesha Butt editors 210 $aCham$cSpringer$d2018 215 $aXX, 248 p.$cill.$d24 cm 620 $aCH$dCham$3VANL001889 676 $a571.2$cFisiologia vegetale$v22 676 $a572.5672$cBiochimica delle piante$v22 676 $a578.01$cTassonomia$v22 702 1$aButt$bAyesha$3VANV257140 702 1$aJavad$bSumera$3VANV257139 712 $aSpringer $3VANV108073$4650 801 $aIT$bSOL$c20260306$gRICA 856 4 $uhttps://link.springer.com/openurl?genre=book&isbn=978-3-319-77119-9$zE-book - Accesso al full-text attraverso riconoscimento IP di Ateneo, proxy e/o Shibboleth 899 $aBIBLIOTECA DEL DIPARTIMENTO DI SCIENZE E TECNOLOGIE AMBIENTALI BIOLOGICHE E FARMACEUTICHE$1IT-CE0101$2VAN17 912 $fN 912 $aVAN00302669 950 $aBIBLIOTECA DEL DIPARTIMENTO DI SCIENZE E TECNOLOGIE AMBIENTALI BIOLOGICHE E FARMACEUTICHE$d17CONS e-book 2406 $e17BIB2406/150 150 20260302 996 $aNanobotany$92526744 997 $aUNICAMPANIA